000 00525nam a2200181Ia 4500
008 090124s9999 xx 000 0 und d
082 _b117702
100 _aमराठे प्रभाकर द.
245 _a अंधारगर्भ
250 _a1
260 _c1979
300 _a147
600 _aमराठे प्रभाकर द.
630 _a अंधारगर्भ
700 _aमराठे प्रभाकर द.
730 _a अंधारगर्भ
942 _cBOOK
999 _c163789
_d163789